Géopolitique - Niveau expert (5/5) - Statistiques

Statistiques générales
  • Ce quiz a été pris 636 fois
  • Le résultat moyen est 4 sur 20
Statistiques - réponses
Hint Réponse % Correct
Nom du parti d'extrême droite allemand Alternative für Deutschland (AfD)
61%
Pays où un coup d'Etat a conduit à l'éviction des troupes françaises alors sur place en 2023 Niger
60%
Quelle a été la cause des la majorité des morts durant cette guerre civile (environ 350 000) ? une famine (elle-même provoquée par un blocus orchestré par l'Ethiopie et l'Erythrée)
51%
Pharamineux projet de 2013 visant à placer la Chine au coeur du commerce international et de l'économie mondiale projet BRI (dit des "nouvelles routes de la soie")
46%
Donald Trump a menacé ses partenaires européens de l'OTAN de laisser la Russie les envahir si ils ne respectent pas leurs engagements de dépenses militaires de 2014. Quel est ce seuil de dépenses militaires pour lequel les pays de l'OTAN se sont engagés ? 2% du PIB
42%
Il est surnommé le dernier dictateur d'Europe Alexandre Loukachenko
34%
Quels engins militaires la Corée du Sud exporte en grand nombre, notamment vers la Pologne ? des chars
31%
Dirigeant du Rwanda Paul Kagamé
29%
Région séparatiste éthiopienne déchirée par une guerre civile entre 2020 et 2022 Tigré
28%
Dirigeant de la Tunisie depuis 2019, qui fait basculer à nouveau son pays dans le nationalisme autoritaire, alimenté par un discours ultra-xénophobe ? Kaïs Saïed
16%
Armateur chinois ayant racheté le port du Pirée (Athènes) dans le cadre de ce projet COSCO
11%
Fleuve majeur dont les eaux sont disputées par la Chine (en amont) et l'Inde (en aval) Brahmapoutre
8%
Nom du port sri lankais cédé à la Chine pour 99 ans Hambantota
8%
Base militaire états-unienne dans l'Océan indien, à proximité du détroit d'Ormuz Diego Garcia
6%
Nom des drones envoyés par l'Iran à la Russie Sahed
5%
Quel est le groupe parlementaire européen duquel il a été exclu en mai 2024 à la suite de propos controversés sur les SS de sa tête de liste pour les élections européennes Maximilian Krah ? Identité et démocratie
4%
En 2023 puis 2024, l'Armée populaire de Libération a mené à deux reprises des exercices militaires d'ampleur aux abords de Taïwan. Qu'a-t-elle simulé ? un encerclement de l'île
3%
Pacte militaire du continent américain rompu de facto par les Etats-Unis quand ceux-ci ont soutenu le Royaume-Uni dans la guerre des Malouines en 1982 pacte de Rio
2%
Terminus européen du corridor eurasiatique de ce projet port de Duisbourg (Allemagne)
1%
Ministre émirati, dirigeant d'une grande compagnie pétrolière mais également président de la COP28 Sultan al-Jaber
0%
Aucun quiz correspondant
Distribution des résultats
% des personnes avec chaque résultat
Percentile par nombre de réponses
Votre historique - résultats
Vous n’avez pas pris ce quiz